El sexo del amo : (Registro nro. 3136)

Detalles MARC
000 -CABECERA
campo de control de longitud fija 00966nam a22002537a 4500
003 - IDENTIFICADOR DEL NÚMERO DE CONTROL
campo de control AR-RoIUNI
005 - FECHA Y HORA DE LA ÚLTIMA TRANSACCIÓN
campo de control 20210303111855.0
007 - CAMPO FIJO DE DESCRIPCIÓN FÍSICA--INFORMACIÓN GENERAL
campo de control de longitud fija ta
008 - DATOS DE LONGITUD FIJA--INFORMACIÓN GENERAL
campo de control de longitud fija 160810s2009 ag |||||r|||| 001 0 spa d
020 ## - NÚMERO INTERNACIONAL ESTÁNDAR DEL LIBRO
Número Internacional Estándar del Libro 9789871228690
040 ## - FUENTE DE LA CATALOGACIÓN
Centro/agencia transcriptor AR-RoIUNI
080 ## - NÚMERO DE LA CLASIFICACIÓN DECIMAL UNIVERSAL
Número de la Clasificación Decimal Universal 159.922
100 1# - ENTRADA PRINCIPAL--NOMBRE DE PERSONA
Nombre de persona Allouch, Jean.
245 13 - MENCIÓN DE TÍTULO
Título El sexo del amo :
Resto del título el erotismo desde Lacan /
Mención de responsabilidad, etc. Jean Allouch ; traducción de Silvio Mattoni.
260 ## - PUBLICACIÓN, DISTRIBUCIÓN, ETC. (PIE DE IMPRENTA)
Lugar de publicación, distribución, etc. Buenos Aires:
Nombre del editor, distribuidor, etc. El cuenco de plata,
Fecha de publicación, distribución, etc. 2009.
300 ## - DESCRIPCIÓN FÍSICA
Extensión 254 p. ;
Dimensiones 21 cm.
505 0# - NOTA DE CONTENIDO CON FORMATO
Nota de contenido con formato I. Para introducir el sexo del amo -- II. Un sexo o el otro -- III. El estadio del espejo revisitado -- IV. ¿Soy alguien, o qué? -- V. La intensificación de placer es un plus-de-goce -- VI. ¿El goce,masoquista? -- VII. En lugar de la iniciación.
600 1# - PUNTO DE ACCESO ADICIONAL DE MATERIA--NOMBRE DE PERSONA
Nombre de persona Lacan, Jacques,
Fechas asociadas al nombre 1901-1981.
Subdivisión general CRÍTICA E INTERPRETACIÓN
650 #4 - PUNTO DE ACCESO ADICIONAL DE MATERIA--TÉRMINO DE MATERIA
Término de materia o nombre geográfico como elemento inicial PSICOLOGÍA
9 (RLIN) 108
650 #4 - PUNTO DE ACCESO ADICIONAL DE MATERIA--TÉRMINO DE MATERIA
Término de materia o nombre geográfico como elemento inicial PSICOANÁLISIS
650 #4 - PUNTO DE ACCESO ADICIONAL DE MATERIA--TÉRMINO DE MATERIA
Término de materia o nombre geográfico como elemento inicial SEXUALIDAD
700 1# - PUNTO DE ACCESO ADICIONAL--NOMBRE DE PERSONA
Nombre de persona Mattoni, Silvio.
942 ## - ELEMENTOS DE PUNTO DE ACCESO ADICIONAL (KOHA)
Fuente del sistema de clasificación o colocación Clasificación Decimal Universal
Tipo de ítem Koha Libros
Existencias
Estado de retiro Estado de pérdida Fuente del sistema de clasificación o colocación Estado dañado Excepción de préstamo Código de colección Localización permanente Ubicación/localización actual Ubicación en estantería Fecha de adquisición Número de inventario Total de préstamos Renovaciones totales Signatura topográfica completa Código de barras Fecha visto por última vez Fecha del último préstamo Número de copia Precio válido a partir de Tipo de ítem Koha Nota pública
    Clasificación Decimal Universal     Psicología BIBLIOTECA RIOBAMBA BIBLIOTECA RIOBAMBA BIBLIOTECA RIOBAMBA 22/07/2016 3229 3 2 159.922 ALL 3229 05/09/2019 25/06/2019 1 10/08/2016 Libros Postgrado